Systém HACCP v procese skladovania a distribúcie tovaru
Enregistré dans:
| Auteur principal: | |
|---|---|
| Autres auteurs: | |
| Format: | Manuscrit Livre |
| Langue: | slovaque |
| Publié: |
2018
|
| Sujets: | |
| Accès en ligne: | http://is.stuba.sk/zp/portal_zp.pl?podrobnosti=139350 |
| Tags: |
Pas de tags, Soyez le premier à ajouter un tag!
|
MARC
| LEADER | 00000ntm a22000003a 4500 | ||
|---|---|---|---|
| 001 | stuzp69826 | ||
| 003 | SK-STU | ||
| 005 | 20180602211341.1 | ||
| 007 | ta | ||
| 008 | 150427s2015----xo-----f-mn---000-0-slo-d | ||
| 040 | |a STU |b slo | ||
| 041 | 0 | |a slo | |
| 100 | 1 | |a Hodúrová, Barbora |u 902024 |4 aut |U Ústav manažmentu STU |T ÚM - Oddelenie manažmentu chemických a potravinárskych technológií |X 61826 |U R2024 |Y 408 |7 61826 | |
| 242 | 0 | 1 | |a The HACCP System in the Process of Storing and Distribution of Goods |y eng |
| 245 | 1 | 0 | |a Systém HACCP v procese skladovania a distribúcie tovaru |
| 260 | |c 2018 | ||
| 650 | 4 | |a systém HACCP |2 slo | |
| 650 | 4 | |a kritické kontrolné miesto (bod) |2 slo | |
| 650 | 4 | |a potravinová bezpečnosť |2 slo | |
| 650 | 4 | |a logisticko-distribučné centrum |2 slo | |
| 650 | 4 | |a sklad ovocia a zeleniny |2 slo | |
| 650 | 4 | |a HACCP system |2 eng | |
| 650 | 4 | |a critical control point |2 eng | |
| 650 | 4 | |a health safety |2 eng | |
| 650 | 4 | |a logistics and distribution center |2 eng | |
| 650 | 4 | |a fruit and vegetables warehouse |2 eng | |
| 700 | 1 | |a Kuperová, Martina |u 902024 |k Z1 |4 ths |U Ústav manažmentu STU |T ÚM - Oddelenie manažmentu chemických a potravinárskych technológií |X 1717 |U R2024 |Y 408 |7 A000001717 | |
| 856 | 4 | |u http://is.stuba.sk/zp/portal_zp.pl?podrobnosti=139350 | |